| 000 | 00616nam a2200205Ia 4500 | ||
|---|---|---|---|
| 008 | 170504s9999 xx 000 0 und d | ||
| 050 | _aT 58.6 | ||
| 050 | _b.Si617 2016 | ||
| 100 | _aSingh, Lovedeep | ||
| 245 | _aE to e (enquiry to enrollment) tracking system for southville international school and colleges / | ||
| 245 | _cLovedeep Singh. | ||
| 260 | _aLas PiƱas, Philippines : | ||
| 260 | _bSISC, | ||
| 260 | _c2016. | ||
| 300 | _a127 pages : | ||
| 300 | _billustrations ; | ||
| 300 | _c28 cm. | ||
| 500 | _aIncludes bibliographical references and appendices. | ||
| 521 | _aInformation Technology | ||
| 999 |
_c329754 _d329754 |
||